000 00649cam a22002053a 4500
001 40575
003 PGUSA
005 20140828083915.0
008 120824s2012||||xxu|||||s|||||000 | eng d
040 _aPGUSA
_beng
042 _adc
100 1 _aMackintosh, Charles Henry,
_d1820-1896
245 1 4 _aThe Great Commission :
_bMiscellaneous Writings of C. H. Mackintosh, volume IV
_h[electronic resource] /
_cCharles Henry Mackintosh
260 _bProject Gutenberg,
_c2012
506 _aPublic domain in the USA.
516 _aElectronic text
830 0 _aProject Gutenberg
_v40575
856 4 0 _uhttp://www.gutenberg.org/ebooks/40575
942 _cEB
999 _c269828
_d269828